00497nam a2200193 a 4500001001300000003000900013005001700022008004100039020001000080082001500090100002200105245002200127260005400149300000800203500003500211505001000246650002500256700002200281nice12345678IN_TiNIC20260116012445.0050524s0000 hyda grp 000 0 urd  ac0.500a297.5bVAF aWafa, Wilayat Ali aKhazeena-I-Akhlaq aHyderabad bMarkazi Anjuman Taleemus Salat c0000 a00p aincludes index and biblioraphy2 aIndex aIslam-Moral Theology1 aWafa, Wilayat Ali